000 00569nam a22001937a 4500
999 _c12936
_d12936
003 AR-CdUCM
008 190410b ||||| |||| 00| 0 spa d
040 _aMUNICIPALIDAD PROVINCIAL DEL CUSCO
_cBIBLIOTECA MUNICIPAL DEL CUSCO
082 _aES / 373.800 /
_bM29
100 _aMauny, Jean de
_931072
245 _aCuentos del Flamenco Rosa /
260 _aBarcelona :
_bPonsa ;
_c1953.
300 _a215 páginas ;
_c17cm
505 _aContenido: Cuentos
650 _aLiteratura
_983
650 _aCuentos
_9312
942 _2ddc
_cLIBROS
945 _anom
_d2019-04-10